000 00330nam a2200145Ia 4500
008 230718s9999 xx 000 0 und d
041 _aEng.
082 _a287.93
_bBAK-M
100 _aBakar Cristian
245 0 _aM T.v sy Makkha tak
260 _aPakistan
_bKhadim press
_c2016
300 _a400
650 _aLaw
999 _c31595
_d31595